MARC

LEADER 00000nam0a2200000 4500
001 165914
005 20231031161949.0
035 |a (RuTPU)RU\TPU\book\179978 
090 |a 165914 
100 |a 20090923d1990 k y0rusy50 ca 
101 0 |a rus 
102 |a RU 
105 |a a z 001zy 
200 1 |a Разработка, исследование и доводка ГТУ, компрессоров, нагнетателей и их элементов  |e сборник научных трудов  |f Научно-производственное объединение по исследованию и проектированию энергетического оборудования им. И. И. Ползунова (НПО ЦКТИ) ; под ред. Ю. Г. Корсова, А. П. Тарабрина 
210 |a Ленинград  |c НПО ЦКТИ  |d 1990 
215 |a 163 с.  |c ил. 
225 1 |a Труды ЦКТИ  |v Вып. 261 
320 |a Библиография в конце статей 
610 1 |a газовые турбины 
610 1 |a воздушное охлаждение 
610 1 |a лопатки турбин 
610 1 |a конструкции 
610 1 |a узлы 
610 1 |a прочность 
610 1 |a стендовые испытания 
610 1 |a теплообмен 
610 1 |a компрессоры 
610 1 |a нагнетатели 
610 1 |a доводка 
610 1 |a сборники 
675 |a 621.438.004  |v 3 
702 1 |a Корсов  |b Ю. Г.  |4 340 
702 1 |a Тарабрин  |b А. П.  |4 340 
712 0 2 |a Научно-производственное объединение по исследованию и проектированию энергетического оборудования им. И. И. Ползунова (НПО ЦКТИ)  |c (Санкт-Петербург)  |c (1994- )  |2 stltpush  |3 (RuTPU)RU\TPU\col\311 
801 1 |a RU  |b 63413507  |c 20090923 
801 2 |a RU  |b 63413507  |c 20100309  |g RCR 
942 |c BK